000
00321nam a2200121Ia 4500
008
220204s9999 xx 000 0 und d
082
_a
546.1/.2
_b
BAB
100
_a
Babko, A K
245
0
_a
Photometric analysis: Methods of determinig non metals
260
_a
Moscow
_b
Mir
_c
1976
700
_a
Pilipenko, A T
942
_c
BK
999
_c
34182
_d
34182